[Event "Foxwoods op"]
[Site "Connecticut"]
[Date "2001.04.14"]
[Round "5"]
[White "Foygel, Igor"]
[Black "Shabalov, Alexander"]
[Result "0-1"]
[WhiteElo "2463"]
[BlackElo "2595"]
[PlyCount "84"]
[EventDate "2001.04.12"]
[Source "ChessBase"]
[SourceDate "2001.05.06"]

1. d4 Nf6 2. Nf3 g6 3. c4 Bg7 4. Nc3 d5 5. cxd5 Nxd5 6. Bd2 O-O 7. e4 Nb6 8. h3 Nc6 9. Be3 f5 10. exf5 Bxf5 11. Qb3+ Kh8 12. d5 Ne5 13. Nxe5 Bxe5 14. f4 Bg7 15. g4 Bd7 16. O-O-O Qe8 17. Bg2 c6 18. Rhe1 cxd5 19. Bxd5 Rc8 20. Kb1 Rxc3 21. bxc3 Ba4 22. Qb4 Bxd1 23. Rxd1 Nxd5 24. Rxd5 Qc6 25. Qc5 Qe6 26. Bd4 Rc8 27. Bxg7+ Kxg7 28. Qd4+ Kf7 29. Re5 Qc4 30. Qe3 e6 31. Qd2 Qc7 32. Re4 Rd8 33. Rd4 Qb6+ 34. Kc2 Rxd4 35. Qxd4 Qxd4 36. cxd4 Ke7 37. Kd3 Kd6 38. Kc4 a6 39. a4 b6 40. h4 Kc6 41. d5+ exd5+ 42. Kd4 Kd6 0-1

[Event "CRO Team Ch"]
[Site "Tucepi"]
[Date "1996.??.??"]
[Round "?"]
[White "Nikolac, Juraj"]
[Black "Kozul, Zdenko"]
[Result "0-1"]
[WhiteElo "2465"]
[BlackElo "2580"]
[PlyCount "82"]
[EventDate "1996.??.??"]
[Source "www.chesslib.no"]
[SourceDate "2004.05.04"]

1. d4 Nf6 2. c4 g6 3. Nc3 d5 4. Nf3 Bg7 5. cxd5 Nxd5 6. Bd2 Nb6 7. Bf4 O-O 8. e3 Be6 9. Be2 c5 10. Rc1 cxd4 11. Nxd4 Bxd4 12. exd4 Nc6 13. Bf3 Bd5 14. Nxd5 Nxd5 15. Bh6 Qa5+ 16. Qd2 Qxd2+ 17. Kxd2 Rfd8 18. Be3 e6 19. Rc5 Nde7 20. Ke2 Rd6 21. Rd1 Rad8 22. a3 Kf8 23. b4 b6 24. Rc4 Ne5 25. Rc7 Nxf3 26. Kxf3 R8d7 27. Rdc1 Ke8 28. Ke4 Rd5 29. Rxd7 Kxd7 30. h3 Nf5 31. Rc3 Nd6+ 32. Kf3 Nb5 33. Rd3 a6 34. Ke2 Rd6 35. f3 Rc6 36. Kd2 Nc7 37. Bf2 Nd5 38. Bg3 Rc4 39. Be5 f6 40. Bg3 Kc6 41. Bh2 Ne7 0-1

[Event "Calviá ol (Men)"]
[Site "Mallorca"]
[Date "2004.10.18"]
[Round "4.17"]
[White "Bu Xiangzhi"]
[Black "Smerdon, David"]
[Result "1-0"]
[WhiteElo "2615"]
[BlackElo "2425"]
[PlyCount "111"]
[EventDate "2004.10.15"]
[Source "Roberto Alvarez"]
[SourceDate "2004.10.25"]

1. Nf3 Nf6 2. c4 g6 3. Nc3 d5 4. d4 Bg7 5. cxd5 Nxd5 6. Na4 Nf6 7. Bf4 O-O 8. e3 c6 9. a3 Bg4 10. Be2 Nh5 11. Bxb8 Rxb8 12. O-O e5 13. dxe5 Bxf3 14. Bxf3 Qxd1 15. Raxd1 Bxe5 16. Bxh5 gxh5 17. Nc5 Rfe8 18. b4 Bb2 19. Rb1 Bg7 20. h4 b6 21. Nd3 Rbd8 22. Rfd1 Be5 23. Kf1 Bc7 24. Ke2 Rd6 25. Rbc1 Kf8 26. Rc3 Ke7 27. Ne5 c5 28. Nd3 Rg6 29. g3 Bd6 30. bxc5 bxc5 31. Nxc5 Rc8 32. Rd5 Re6 33. a4 Re5 34. Ne4 Rxc3 35. Nxc3 Ke6 36. Rxe5+ Bxe5 37. Kd3 Kf5 38. Nb5 a6 39. Nd4+ Kg4 40. Ke4 Bg7 41. Nf5 Bf8 42. f3+ Kh3 43. Ke5 Kg2 44. f4 Bc5 45. Kf6 Kf3 46. Kxf7 Ke4 47. Ke6 Bf8 48. Kf6 Bb4 49. Ke6 Bf8 50. a5 Bb4 51. Nd6+ Kxe3 52. f5 Kf3 53. f6 Bc3 54. f7 Bg7 55. Nf5 Bf8 56. Kd7 1-0

[Event "Copenhagen op"]
[Site "Copenhagen"]
[Date "1998.07.01"]
[Round "10"]
[White "Zagorskis, Darius"]
[Black "Schandorff, Lars"]
[Result "1/2-1/2"]
[WhiteElo "2515"]
[BlackElo "2525"]
[PlyCount "48"]
[EventDate "1998.06.??"]
[Source "www.chesslib.no"]
[SourceDate "2004.05.04"]

1. c4 g6 2. d4 Nf6 3. Nc3 d5 4. Nf3 Bg7 5. cxd5 Nxd5 6. Bd2 O-O 7. Rc1 Bf5 8. e3 Nb6 9. h3 Be6 10. b3 a5 11. Ne4 Bd5 12. Nc5 N6d7 13. Nd3 Nc6 14. Bc3 Re8 15. Be2 e5 16. dxe5 Ndxe5 17. Ndxe5 Nxe5 18. O-O c6 19. Nd2 Nd7 20. Bxg7 Kxg7 21. Qc2 Qe7 22. Rfd1 Nf6 23. Bc4 Kg8 24. a4 Qe5 1/2-1/2

[Event "54th ch-HUN"]
[Site "Budapest"]
[Date "2004.08.20"]
[Round "2.4"]
[White "Horvath, Csaba"]
[Black "Flumbort, Andras"]
[Result "1-0"]
[WhiteElo "2546"]
[BlackElo "2493"]
[PlyCount "73"]
[EventDate "2004.08.19"]
[Source "Roberto Alvarez"]
[SourceDate "2004.09.06"]

1. d4 Nf6 2. c4 g6 3. Nc3 d5 4. Nf3 Bg7 5. Qa4+ Bd7 6. Qb3 dxc4 7. Qxc4 O-O 8. Bf4 Na6 9. e4 c5 10. e5 Be6 11. exf6 Bxc4 12. fxg7 Bxf1 13. gxf8=Q+ Qxf8 14. Kxf1 cxd4 15. Nxd4 Qc8 16. Nde2 Qf5 17. Rd1 e5 18. Be3 Nb4 19. h4 Qe6 20. b3 Nc2 21. Rh3 Rc8 22. Kg1 f5 23. Bxa7 Qa6 24. Be3 b5 25. Nd5 Kf7 26. h5 f4 27. hxg6+ Qxg6 28. Nexf4 exf4 29. Nxf4 Qf5 30. Rd5 Qf6 31. Rd7+ Kg8 32. Nd5 Qa1+ 33. Kh2 Nxe3 34. Rxe3 Rf8 35. f4 Qb2 36. Rh3 Rf7 37. Rg3+ 1-0

[Event "Manila"]
[Site "Manila"]
[Date "1974.??.??"]
[Round "10"]
[White "Naranja, Renato"]
[Black "Petrosian, Tigran V"]
[Result "1/2-1/2"]
[WhiteElo "2395"]
[BlackElo "2640"]
[PlyCount "34"]
[EventDate "1974.??.??"]
[Source "ChessBase"]

1. c4 Nf6 2. Nf3 g6 3. d4 Bg7 4. Nc3 d5 5. cxd5 Nxd5 6. Bd2 Nb6 7. Qc2 Nc6 8. Rd1 O-O 9. e3 Bf5 10. Qc1 a5 11. Be2 a4 12. O-O Qc8 13. d5 Nb8 14. e4 Bg4 15. Bh6 c6 16. Bxg7 Kxg7 17. Qe3 N8d7 1/2-1/2

[Event "Hospitalet de Llobre IT"]
[Site "?"]
[Date "1973.11.02"]
[Round "10"]
[White "Pomar Salamanca Arturo"]
[Black "Smejkal Jan"]
[Result "1/2-1/2"]
[WhiteElo "2435"]
[BlackElo "2595"]
[PlyCount "82"]
[EventDate "1973.??.??"]
[Source "www.chesslib.no"]
[SourceDate "2004.05.04"]

1. Nf3 Nf6 2. d4 g6 3. c4 Bg7 4. Nc3 d5 5. cxd5 Nxd5 6. Bd2 O-O 7. Rc1 Nb6 8. e3 Nc6 9. Bb5 Bd7 10. O-O e5 11. dxe5 Nxe5 12. Nxe5 Bxe5 13. Bxd7 Qxd7 14. Qe2 Qe6 15. Rfd1 c6 16. e4 Rfe8 17. f3 Rad8 18. Bg5 Bd4+ 19. Be3 Bxe3+ 20. Qxe3 Qe7 21. Rd4 Rxd4 22. Qxd4 Rd8 23. Qf2 Qb4 24. h3 a5 25. Rd1 Rxd1+ 26. Nxd1 Nc4 27. a3 Qd6 28. Ne3 Ne5 29. Ng4 Nd7 30. Qh4 Qd4+ 31. Kh1 h5 32. Nh6+ Kg7 33. Qg5 Qf6 34. Nf5+ Kf8 35. Qd2 gxf5 36. Qxd7 fxe4 37. fxe4 b5 38. e5 Qxe5 39. Qxc6 Qxb2 40. Qa8+ Kg7 41. Qxa5 Kg6 1/2-1/2

[Event "EU-chT (Men)"]
[Site "Batumi"]
[Date "1999.12.05"]
[Round "7.2"]
[White "Mchedlishvili, Mikheil"]
[Black "Ftacnik, Lubomir"]
[Result "0-1"]
[WhiteElo "2441"]
[BlackElo "2589"]
[PlyCount "90"]
[EventDate "1999.11.06"]
[Source "ChessBase"]
[SourceDate "2000.02.01"]

1. Nf3 Nf6 2. c4 g6 3. Nc3 d5 4. d4 Bg7 5. cxd5 Nxd5 6. Bd2 O-O 7. e4 Nb6 8. Be3 Bg4 9. Be2 Nc6 10. d5 Bxf3 11. gxf3 Na5 12. Bd4 Qd6 13. Bxg7 Kxg7 14. Qd2 Qf6 15. O-O-O c6 16. Qd4 Qxd4 17. Rxd4 cxd5 18. Nxd5 Rac8+ 19. Kb1 Nc6 20. Rd2 Rfd8 21. Rhd1 Nxd5 22. exd5 Ne5 23. d6 e6 24. f4 Nc4 25. Rd4 Nb6 26. Bf3 Rd7 27. Rb4 Kf6 28. a4 Rc5 29. Rc1 Rxc1+ 30. Kxc1 Nd5 31. Rb5 a6 32. Rb3 Kf5 33. Bxd5 exd5 34. Rb4 Kg4 35. a5 h5 36. Kd2 Kh3 37. Kd3 Kxh2 38. Kd4 Rxd6 39. Rxb7 Rf6 40. Ke3 Kg2 41. Rb6 Re6+ 42. Rxe6 fxe6 43. b4 h4 44. b5 axb5 45. f5 gxf5 0-1

[Event "Open Kaupthing"]
[Site "Differdange LUS"]
[Date "2007.07.11"]
[Round "6"]
[White "Sulava, N."]
[Black "Hoffmann, Mi1"]
[Result "1/2-1/2"]
[WhiteElo "2544"]
[BlackElo "2481"]
[PlyCount "31"]
[EventDate "2007.07.07"]
[Source "www.chesslib.no"]
[SourceDate "2004.05.04"]

1. d4 Nf6 2. Nf3 g6 3. c4 Bg7 4. Nc3 d5 5. cxd5 Nxd5 6. Bd2 O-O 7. Rc1 Nb6 8. Bg5 Nc6 9. e3 h6 10. Bh4 g5 11. Bg3 g4 12. Nh4 e5 13. d5 Ne7 14. e4 Bf6 15. h3 Nexd5 16. Nf5 1/2-1/2

[Event "CSR-ch int"]
[Site "Luhacovice"]
[Date "1971.??.??"]
[Round "11"]
[White "Antoshin, Vladimir S"]
[Black "Smejkal, Jan"]
[Result "1/2-1/2"]
[WhiteElo "2510"]
[BlackElo "2515"]
[PlyCount "88"]
[EventDate "1971.04.??"]
[Source "ChessBase"]

1. d4 Nf6 2. c4 g6 3. Nc3 d5 4. Nf3 Bg7 5. cxd5 Nxd5 6. Bd2 O-O 7. Rc1 Nc6 8. e3 Nb6 9. Bb5 Bd7 10. O-O e5 11. dxe5 Nxe5 12. Nxe5 Bxe5 13. Qe2 Bxb5 14. Nxb5 c6 15. Bc3 Qe7 16. Bxe5 Qxe5 17. Nc3 Nd5 18. Na4 Rad8 19. Rfd1 b6 20. Rd2 Rd6 21. Rcd1 Rfd8 22. Qf3 Kg7 23. a3 Rf6 24. Qe2 b5 25. Nc3 Nxc3 26. bxc3 Rxd2 27. Qxd2 c5 28. h3 a5 29. Qd3 Rb6 30. Qd8 Ra6 31. Qd3 Rf6 32. e4 b4 33. axb4 cxb4 34. cxb4 axb4 35. Qc4 Qb2 36. f3 b3 37. Qc5 Qc2 38. Qxc2 bxc2 39. Rc1 Rc6 40. Kf2 Kf6 41. Ke3 g5 42. Kd4 Rd6+ 43. Ke3 Rc6 44. Kd4 Rd6+ 1/2-1/2

[Event "Bled/Rogaska Slatina"]
[Site "Bled"]
[Date "1991.??.??"]
[Round "7"]
[White "Gostisa, Leon"]
[Black "Vaganian, Rafael A"]
[Result "1/2-1/2"]
[WhiteElo "2440"]
[BlackElo "2585"]
[PlyCount "55"]
[EventDate "1991.06.??"]
[Source "ChessBase"]

1. d4 Nf6 2. Nf3 g6 3. c4 Bg7 4. Nc3 d5 5. cxd5 Nxd5 6. Bd2 O-O 7. Rc1 Nb6 8. Bf4 c5 9. dxc5 N6d7 10. g3 Nc6 11. Bg2 Nxc5 12. O-O Bf5 13. Be3 Ne4 14. Nxe4 Qxd1 15. Rfxd1 Bxe4 16. Nd4 Bxg2 17. Kxg2 Nb4 18. Nf3 a5 19. Rc7 Bxb2 20. Rxb7 Bf6 21. a4 Na2 22. Bd4 Rfd8 23. Rd2 Bxd4 24. Rxa2 Bc5 25. Ne5 Rd4 26. Nc6 Re4 27. Rb5 Bb4 28. Nxb4 1/2-1/2

[Event "JUG-ch 56th"]
[Site "Herceg Novi"]
[Date "2001.04.07"]
[Round "14"]
[White "Tosic, Miroslav"]
[Black "Pavlovic, Milos"]
[Result "0-1"]
[WhiteElo "2519"]
[BlackElo "2496"]
[PlyCount "68"]
[EventDate "2001.03.23"]
[Source "ChessBase"]
[SourceDate "2001.07.05"]

1. d4 Nf6 2. c4 g6 3. Nc3 d5 4. Nf3 Bg7 5. Bd2 O-O 6. cxd5 Nxd5 7. e4 Nb6 8. Be3 Bg4 9. Be2 Nc6 10. d5 Bxf3 11. gxf3 Na5 12. Bd4 Qd6 13. Bxg7 Kxg7 14. Qd2 Qf6 15. f4 c6 16. e5 Qf5 17. Bd3 Qh5 18. Be2 Qf5 19. O-O-O cxd5 20. Rhg1 Nbc4 21. Bxc4 Nxc4 22. Qd4 e6 23. Rg5 Qh3 24. f5 Rac8 25. Kb1 Kg8 26. Ne2 Qf3 27. Ng3 h6 28. Rg4 Nxb2 29. Kxb2 Rc4 30. fxg6 Qxg4 31. gxf7+ Rxf7 32. Qd2 Rb4+ 33. Ka1 Rxf2 34. Qd3 Rbb2 0-1

[Event "NED-ch"]
[Site "Leeuwarden"]
[Date "1981.??.??"]
[Round "13"]
[White "Timman, Jan H"]
[Black "Van der Vliet, Fredrik"]
[Result "1-0"]
[WhiteElo "2620"]
[BlackElo "2395"]
[PlyCount "53"]
[EventDate "1981.??.??"]
[Source "ChessBase"]

1. d4 Nf6 2. c4 g6 3. Nc3 d5 4. Nf3 Bg7 5. Qa4+ c6 6. cxd5 Nxd5 7. e4 Nb6 8. Qc2 Bg4 9. Ne5 Be6 10. Be3 O-O 11. Rd1 f5 12. exf5 gxf5 13. Be2 Nd5 14. Nxd5 Bxd5 15. O-O Nd7 16. Nd3 Nf6 17. Bf4 e6 18. Be5 Rf7 19. Nf4 Bf8 20. Bc4 Qd7 21. Rd3 Ne4 22. Re1 Re8 23. Rxe4 Bxe4 24. Rg3+ Rg7 25. Qb3 b6 26. Bxe6+ Rxe6 27. Bxg7 1-0

[Event "1st WinTV Open"]
[Site "Chennai"]
[Date "2004.01.31"]
[Round "12"]
[White "Koneru, Humpy"]
[Black "Vakhidov, Tahir"]
[Result "1/2-1/2"]
[WhiteElo "2498"]
[BlackElo "2515"]
[PlyCount "99"]
[EventDate "2004.01.21"]
[Source "Roberto Alvarez"]
[SourceDate "2004.02.09"]

1. d4 Nf6 2. c4 g6 3. Nf3 Bg7 4. Nc3 d5 5. Qa4+ c6 6. cxd5 Nxd5 7. e4 Nxc3 8. bxc3 O-O 9. Ba3 Nd7 10. Be2 b5 11. Qc2 c5 12. dxc5 Qa5 13. Bb4 Qc7 14. Bxb5 Nxc5 15. O-O Bb7 16. Nd2 Na6 17. Bxa6 Bxa6 18. Rfd1 Bb7 19. Rab1 a5 20. Ba3 Rfc8 21. c4 Ba6 22. c5 Bd4 23. Nb3 Be5 24. g3 a4 25. Nd4 Rd8 26. Nf3 Bf6 27. Rxd8+ Rxd8 28. Rd1 Rxd1+ 29. Qxd1 Bb5 30. h4 Bc6 31. Qd3 Qb8 32. Kh2 Qa8 33. Nd2 Qb8 34. Qa6 Qe8 35. Qb6 Bc3 36. Nb1 Bd4 37. f3 Qd7 38. Qb8+ Kg7 39. Bb2 f6 40. Qb4 Bxb2 41. Qxb2 Qd3 42. Kg2 Qc4 43. Qf2 Qc1 44. Nd2 Bb5 45. e5 f5 46. Qd4 Kf7 47. Qd5+ Kg7 48. Qd4 Kf7 49. Qd5+ Kg7 50. Qd4 1/2-1/2

[Event "Tel Aviv ISR"]
[Site "Tel Aviv ISR"]
[Date "1995.??.??"]
[Round "2"]
[White "Golod, Vitali"]
[Black "Gofshtein, Zeev-Alon"]
[Result "1/2-1/2"]
[WhiteElo "2545"]
[BlackElo "2465"]
[PlyCount "83"]
[EventDate "1995.??.??"]
[Source "www.chesslib.no"]
[SourceDate "2004.05.04"]

1. d4 Nf6 2. Nf3 g6 3. c4 Bg7 4. Nc3 d5 5. cxd5 Nxd5 6. Bd2 O-O 7. Rc1 Nb6 8. e3 Nc6 9. Bb5 e5 10. Bxc6 exd4 11. exd4 bxc6 12. O-O Be6 13. Bg5 f6 14. Re1 Re8 15. Bf4 g5 16. Bg3 Qd7 17. h4 g4 18. Nd2 Qxd4 19. Bxc7 f5 20. Qc2 Rac8 21. Nb3 Qb4 22. Bh2 a5 23. Rcd1 Nc4 24. Rb1 a4 25. Nd2 Nxd2 26. Qxd2 Bxa2 27. Bd6 c5 28. Ra1 Bb3 29. Qg5 Qd4 30. Bg3 Qd2 31. Qxd2 Re3 32. Bf4 Rce8 33. Qxe3 Bd5 34. Qxc5 Bf6 35. Nxd5 Re5 36. b3 Re7 37. Qc3 Re5 38. Qc2 Rxd5 39. Qd2 Bb2 40. Qc3 Rd1 41. Rb1 Rd6 42. Qb4 1/2-1/2

[Event "Tel Aviv ASA"]
[Site "Tel Aviv"]
[Date "1995.??.??"]
[Round "9"]
[White "Golod, Vitali"]
[Black "Gofshtein, Leonid D"]
[Result "1/2-1/2"]
[WhiteElo "2545"]
[BlackElo "2465"]
[PlyCount "83"]
[EventDate "1995.??.??"]
[Source "ChessBase"]

1. d4 Nf6 2. Nf3 g6 3. c4 Bg7 4. Nc3 d5 5. cxd5 Nxd5 6. Bd2 O-O 7. Rc1 Nb6 8. e3 Nc6 9. Bb5 e5 10. Bxc6 exd4 11. exd4 bxc6 12. O-O Be6 13. Bg5 f6 14. Re1 Re8 15. Bf4 g5 16. Bg3 Qd7 17. h4 g4 18. Nd2 Qxd4 19. Bxc7 f5 20. Qc2 Rac8 21. Nb3 Qb4 22. Bh2 a5 23. Rcd1 Nc4 24. Rb1 a4 25. Nd2 Nxd2 26. Qxd2 Bxa2 27. Bd6 c5 28. Ra1 Bb3 29. Qg5 Qd4 30. Bg3 Qf6 31. Qd2 Bh6 32. Rxe8+ Rxe8 33. Nd5 Bxd5 34. Qxd5+ Qe6 35. Qxe6+ Rxe6 36. Rxa4 Re1+ 37. Kh2 Re2 38. b3 Rb2 39. Bf4 Bf8 40. Ra8 Kf7 41. Ra7+ Kg8 42. Ra8 1/2-1/2

[Event "Tbilisi"]
[Site "Tbilisi"]
[Date "1983.??.??"]
[Round "?"]
[White "Henley, Ron W"]
[Black "Gavrikov, Viktor"]
[Result "1/2-1/2"]
[WhiteElo "2525"]
[BlackElo "2485"]
[PlyCount "42"]
[EventDate "1983.08.??"]
[Source "ChessBase"]

1. d4 Nf6 2. c4 g6 3. Nc3 d5 4. Nf3 Bg7 5. cxd5 Nxd5 6. Bd2 O-O 7. Rc1 Nc6 8. e4 Nb6 9. d5 Nb8 10. Bb5 c6 11. dxc6 Nxc6 12. h3 Be6 13. Bxc6 bxc6 14. O-O Qd6 15. b3 Rfd8 16. Qe2 c5 17. Nb5 Qc6 18. Be3 Bd7 19. Rxc5 Qxe4 20. Rfc1 h6 21. Nc3 Qb7 1/2-1/2

[Event "URS Ch sf"]
[Site "Perm RUS"]
[Date "1971.??.??"]
[Round "?"]
[White "Kuzmin, Gennadi P"]
[Black "Kapengut, Albert Z"]
[Result "1/2-1/2"]
[WhiteElo "2560"]
[BlackElo "2450"]
[PlyCount "81"]
[EventDate "1971.??.??"]
[Source "www.chesslib.no"]
[SourceDate "2004.05.04"]

1. d4 Nf6 2. c4 g6 3. Nc3 d5 4. Nf3 Bg7 5. cxd5 Nxd5 6. Bd2 O-O 7. Rc1 Nxc3 8. Bxc3 Qd5 9. b3 a5 10. e3 Nc6 11. a4 Qd6 12. Bc4 Nb4 13. Qd2 Bg4 14. Ng5 e5 15. h3 Bf5 16. e4 Bc8 17. dxe5 Bxe5 18. Bxe5 Qxe5 19. O-O Nc6 20. f4 Qd4+ 21. Qxd4 Nxd4 22. Nxf7 Be6 23. Bxe6 Nxe6 24. Nh6+ Kg7 25. Ng4 h5 26. Ne5 c6 27. Nxg6 Kxg6 28. f5+ Kf7 29. fxe6+ Kxe6 30. Rc5 Rxf1+ 31. Kxf1 h4 32. Rh5 Rf8+ 33. Ke2 Rg8 34. Kf2 Rf8+ 35. Ke3 Rg8 36. Kd4 Rxg2 37. Rh6+ Kd7 38. Rxh4 Rg3 39. Rh7+ Ke6 40. Rh6+ Kd7 41. Kc4 1/2-1/2

[Event "RUS-Cup03 (Geller mem)"]
[Site "Moscow"]
[Date "1999.02.08"]
[Round "7"]
[White "Rustemov, Alexander"]
[Black "Polovodin, Igor A"]
[Result "1-0"]
[WhiteElo "2539"]
[BlackElo "2468"]
[PlyCount "111"]
[EventDate "1999.02.10"]
[Source "ChessBase"]
[SourceDate "1999.06.08"]

1. d4 Nf6 2. c4 g6 3. Nc3 d5 4. Nf3 Bg7 5. Qa4+ Bd7 6. Qb3 dxc4 7. Qxc4 O-O 8. e4 Na6 9. e5 Ng4 10. h3 Nh6 11. Bf4 c5 12. dxc5 Qa5 13. Rd1 Rfd8 14. Rxd7 Rxd7 15. c6 Rc7 16. cxb7 Rd8 17. Qxa6 Qb4 18. Bd2 Qxb2 19. Nd1 Qxb7 20. Qxb7 Rxb7 21. Bc4 Nf5 22. Bb3 e6 23. Ke2 Bf8 24. Nb2 Bb4 25. Bg5 Be7 26. Bf4 Rb4 27. Be3 Nxe3 28. fxe3 Rb5 29. Nd3 Ba3 30. Rf1 h6 31. Nd4 Rb6 32. Rf4 Be7 33. Nf3 a5 34. Ra4 Bb4 35. Nd4 Rc8 36. Kf3 Bd2 37. Nb2 Bc3 38. Nd3 Bd2 39. Ke4 Kf8 40. g3 Bc3 41. Nc2 Rc7 42. Na3 Rbc6 43. Nb5 Rd7 44. Nd4 Rcc7 45. Bxe6 Rxd4+ 46. exd4 fxe6 47. Nc5 Ke7 48. Rc4 Be1 49. Rc1 Bd2 50. Rc2 Bb4 51. Kd3 Rc8 52. Ne4 Rxc2 53. Kxc2 Kd7 54. Kb3 Kc6 55. Kc4 h5 56. Nc5 1-0

[Event "Quebec Open"]
[Site "Montreal"]
[Date "2003.07.21"]
[Round "4"]
[White "Legky, Nikolay A"]
[Black "Mikhalevski, Victor"]
[Result "0-1"]
[WhiteElo "2482"]
[BlackElo "2523"]
[PlyCount "66"]
[EventDate "2003.07.19"]
[Source "Roberto Alvarez"]
[SourceDate "2003.08.04"]

1. d4 Nf6 2. Nf3 g6 3. c4 Bg7 4. Nc3 d5 5. cxd5 Nxd5 6. Na4 O-O 7. e4 Nb6 8. Be3 Bg4 9. Be2 Nc6 10. d5 Ne5 11. Nxb6 axb6 12. Nxe5 Bxe2 13. Qxe2 Bxe5 14. O-O Qd7 15. a3 e6 16. Rad1 Rfe8 17. Rd2 exd5 18. Rxd5 Qe6 19. Rfd1 Bg7 20. Rd7 Rac8 21. f3 f5 22. Bf4 fxe4 23. fxe4 Qxe4 24. Qd2 c5 25. b3 Bd4+ 26. Kh1 Re7 27. Rxe7 Qxe7 28. Re1 Qf7 29. Qe2 h5 30. Qe4 Bb2 31. a4 Bc3 32. Rc1 Bd4 33. Be5 Rc6 0-1

[Event "Yerevan"]
[Site "Yerevan"]
[Date "1977.??.??"]
[Round "14"]
[White "Katalymov, Boris N"]
[Black "Tseshkovsky, Vitaly"]
[Result "1/2-1/2"]
[WhiteElo "2415"]
[BlackElo "2590"]
[PlyCount "169"]
[EventDate "1977.??.??"]
[Source "ChessBase"]

1. c4 g6 2. d4 Nf6 3. Nc3 d5 4. Nf3 Bg7 5. cxd5 Nxd5 6. Bd2 O-O 7. Rc1 Nb6 8. Bg5 h6 9. Bh4 Nc6 10. e3 Be6 11. Bb5 Nb4 12. a3 Na2 13. Nxa2 Bxa2 14. Qc2 c6 15. Be2 Be6 16. O-O a5 17. Ne5 Bf5 18. Qb3 Be6 19. Qc2 Bf5 20. Qc3 Bf6 21. Bxf6 exf6 22. Nc4 Be6 23. b3 Re8 24. Bf3 Nd5 25. Qd2 f5 26. Ne5 Nf6 27. Qb2 Qb6 28. Rc3 f4 29. g3 fxe3 30. fxe3 Nd7 31. Nd3 Bh3 32. Re1 Bf5 33. Nf4 Nf6 34. Rf1 Re7 35. Qg2 Be4 36. g4 Bxf3 37. Qxf3 Ne4 38. Ne6 Nd6 39. Nc5 Rae8 40. Qf4 Nb5 41. Rd3 Qc7 42. Qxh6 b6 43. e4 Nxd4 44. Rxd4 bxc5 45. Rd3 Qe5 46. Re1 Re6 47. a4 Rf6 48. Rh3 Rf4 49. Qh7+ Kf8 50. Qh8+ Qxh8 51. Rxh8+ Ke7 52. Rxe8+ Kxe8 53. h3 Rf3 54. Kg2 Rxb3 55. Rc1 Rb4 56. Rxc5 Rxa4 57. Rxc6 Rxe4 58. Ra6 Ra4 59. g5 Ra2+ 60. Kg3 Ra1 61. Ra7 a4 62. Kg4 a3 63. Kg3 Kd8 64. Kh4 Kc8 65. Rxf7 Kb8 66. Rf3 Kb7 67. Rg3 Kb6 68. Rf3 Kb5 69. Rg3 Kc5 70. Rf3 Kb4 71. Rf4+ Kc3 72. Rf3+ Kd2 73. Rg3 Ke2 74. Rc3 Ke1 75. Rf3 Kd2 76. Rg3 Ke2 77. Rc3 Kf2 78. Rc2+ Kf3 79. Rc3+ Kg2 80. Rc2+ Kh1 81. Rc6 Rb1 82. Rxg6 a2 83. Ra6 a1=Q 84. Rxa1 Rxa1 85. g6 1/2-1/2

[Event "Dieren op"]
[Site "Dieren"]
[Date "1999.07.28"]
[Round "9"]
[White "Golod, Vitali"]
[Black "Gustafsson, Jan"]
[Result "1/2-1/2"]
[WhiteElo "2568"]
[BlackElo "2436"]
[PlyCount "28"]
[EventDate "1999.07.20"]
[Source "ChessBase"]
[SourceDate "1999.09.14"]

1. d4 Nf6 2. c4 g6 3. Nf3 Bg7 4. Nc3 d5 5. Qa4+ Bd7 6. Qb3 dxc4 7. Qxc4 O-O 8. e4 b5 9. Nxb5 Nxe4 10. Qc2 Nd6 11. Nxc7 Bf5 12. Qc3 Ne4 13. Qc4 Nd6 14. Qc3 Ne4 1/2-1/2

[Event "Vilnius zt"]
[Site "Vilnius"]
[Date "1975.??.??"]
[Round "14"]
[White "Romanishin, Oleg M"]
[Black "Grigorian, Karen Ashotovich"]
[Result "1-0"]
[WhiteElo "2480"]
[BlackElo "2520"]
[PlyCount "71"]
[EventDate "1975.??.??"]
[Source "ChessBase"]

1. d4 Nf6 2. c4 g6 3. Nc3 d5 4. Nf3 Bg7 5. cxd5 Nxd5 6. Qb3 Nxc3 7. bxc3 c5 8. e3 Nc6 9. Ba3 cxd4 10. Nxd4 O-O 11. Be2 Re8 12. O-O Na5 13. Qc2 Bd7 14. Rfd1 Qc7 15. c4 Rac8 16. Rac1 Qb8 17. Qd2 Nc6 18. Rb1 Red8 19. Qb2 b6 20. Rbc1 Nxd4 21. exd4 Ba4 22. Rd3 Qf4 23. Qb4 b5 24. d5 Bh6 25. Rf3 Qc7 26. Rf1 a5 27. Qxe7 Qxe7 28. Bxe7 Rd7 29. d6 bxc4 30. Ra3 c3 31. Rxa4 c2 32. Rc4 Rxc4 33. Bxc4 Rb7 34. Ba6 Ra7 35. Bb5 Kg7 36. d7 1-0

[Event "9th HIT Open"]
[Site "Nova Gorica"]
[Date "2004.01.31"]
[Round "2"]
[White "Stocek, Jiri"]
[Black "Borisek, Jure"]
[Result "0-1"]
[WhiteElo "2552"]
[BlackElo "2442"]
[PlyCount "76"]
[EventDate "2004.01.30"]
[Source "Roberto Alvarez"]
[SourceDate "2004.02.09"]

1. d4 Nf6 2. c4 g6 3. Nc3 d5 4. Nf3 Bg7 5. cxd5 Nxd5 6. Bg5 h6 7. Bd2 Nb6 8. e4 Bg4 9. Be3 O-O 10. a4 a5 11. Be2 Nc6 12. d5 Nb4 13. Qd2 f5 14. Bxh6 fxe4 15. Bxg7 Kxg7 16. Ng5 Bf5 17. O-O-O Qd6 18. g4 Bd7 19. Bb5 Bxg4 20. f3 Bxf3 21. Ne6+ Kh7 22. Rhg1 Rf6 23. Ng5+ Kg7 24. Ngxe4 Na2+ 25. Nxa2 Bxe4 26. Nc3 Bf3 27. Rdf1 Raf8 28. Bd3 Bxd5 29. Rxf6 Rxf6 30. Qg5 Bf7 31. Be4 Qxh2 32. Kb1 Nc4 33. Rg2 Qd6 34. Bxb7 Rf1+ 35. Kc2 Qb6 36. Bd5 Ne3+ 37. Kd3 Nxd5 38. Nxd5 Rd1+ 0-1

[Event "Cappelle la Grande 81/390"]
[Site "?"]
[Date "2001.??.??"]
[Round "?"]
[White "Naumkin, I."]
[Black "Turov, M."]
[Result "1/2-1/2"]
[WhiteElo "2446"]
[BlackElo "2546"]
[PlyCount "65"]
[EventDate "2001.??.??"]
[Source "Chess Informant"]
[SourceDate "2001.02.01"]

1. d4 Nf6 2. Nf3 g6 3. c4 Bg7 4. Nc3 d5 5. cxd5 Nxd5 6. Bd2 O-O 7. e4 Nb6 8. Be3 Bg4 9. Be2 Nc6 10. d5 Bxf3 11. gxf3 Na5 12. Bd4 Qd6 13. Bxg7 Kxg7 14. Qd2 Qf6 15. f4 c6 16. e5 Qh4 17. d6 exd6 18. exd6 Qf6 19. O-O-O c5 20. Ne4 Qe6 21. Qc3+ f6 22. Nxc5 Qxa2 23. Bg4 Na4 24. Nxa4 Nb3+ 25. Kc2 Qxa4 26. Rhe1 Nd4+ 27. Kb1 Nc6 28. Bd7 Rad8 29. Qh3 Rf7 30. Be6 Rff8 31. Bd7 Rf7 32. Be6 Rff8 33. Bd7 1/2-1/2

[Event "5th IECC"]
[Site "Antalya"]
[Date "2004.05.17"]
[Round "3"]
[White "Anastasian, Ashot"]
[Black "Kristjansson, Stefan"]
[Result "1-0"]
[WhiteElo "2587"]
[BlackElo "2404"]
[PlyCount "57"]
[EventDate "2004.05.15"]
[Source "Roberto Alvarez"]
[SourceDate "2004.05.31"]

1. Nf3 Nf6 2. c4 g6 3. d4 Bg7 4. Nc3 d5 5. cxd5 Nxd5 6. Na4 Bf5 7. Nh4 Nc6 8. Nxf5 gxf5 9. e3 e5 10. dxe5 Nxe5 11. Be2 Qd6 12. O-O O-O-O 13. Qc2 f4 14. exf4 Nc6 15. Bg4+ Kb8 16. Qc5 Nd4 17. Qxd6 Rxd6 18. Rb1 Bh6 19. Bh5 Bxf4 20. Rd1 Bxc1 21. Rxd4 Nf4 22. Rxd6 cxd6 23. Bxf7 Rc8 24. g3 Nd3 25. Be6 Rc7 26. Bf5 Ne5 27. Kg2 d5 28. Nc3 Bxb2 29. Nxd5 1-0

[Event "Biel"]
[Site "Biel"]
[Date "1986.??.??"]
[Round "?"]
[White "Cebalo, Miso"]
[Black "Rogers, Ian"]
[Result "1-0"]
[WhiteElo "2475"]
[BlackElo "2515"]
[PlyCount "105"]
[EventDate "1986.07.??"]
[Source "ChessBase"]

1. d4 Nf6 2. Nf3 g6 3. c4 Bg7 4. Nc3 d5 5. Qa4+ c6 6. cxd5 Nxd5 7. e4 Nb6 8. Qd1 O-O 9. Be2 Bg4 10. Be3 Bxf3 11. gxf3 f5 12. Qd2 Qd6 13. e5 Qb4 14. f4 e6 15. a3 Qe7 16. h4 h5 17. O-O-O Kh7 18. Qc2 Bh6 19. Kb1 N8d7 20. Qb3 Rfb8 21. Rc1 Nf8 22. Rcg1 Rd8 23. Rh3 Rd7 24. Bf3 Rad8 25. Na4 Nxa4 26. Qxa4 a6 27. Qc4 Qe8 28. Qc5 Rg7 29. Qb4 Qe7 30. Qb3 Re8 31. Rc1 Qd8 32. Rhh1 Rd7 33. Ka2 Rde7 34. Rc4 Qd7 35. Rhc1 Rg7 36. Rb4 Ree7 37. Qc2 Qd8 38. Qb3 Rd7 39. Rh1 Qe7 40. Qc2 Qd8 41. Qb3 Rc7 42. Rc4 Rce7 43. Rb4 Kg8 44. Rc1 Kh8 45. Bxc6 Rc7 46. Rxb7 Qxh4 47. Rxc7 Rxc7 48. Qb8 Rxc6 49. Rxc6 Qh1 50. Rc5 h4 51. Qd8 Kg8 52. d5 exd5 53. e6 1-0